Sigla Mermaid Melody Principesse Sirene - Testo completo - Statistics

Statistiche generali
  • Questo quiz è stato fatto 69 volte
  • Il punteggio medio è 132 su 229
Statistiche sulle risposte
Testo % Corretto
sono
100%
a
98%
Ci
98%
ci
98%
Ciao
96%
sì!
96%
sì,
96%
un
96%
una
96%
è
94%
e
94%
la
94%
la-la-la
94%
La-la-la
94%
La-la-la-la
94%
la-la-la-la
94%
Luchia
94%
ma
92%
può
90%
sirena
90%
sembrare
87%
storia
87%
strano
87%
vera
85%
noi
83%
i
79%
le
77%
mar
75%
blu.
73%
con
73%
mare
71%
tu
71%
di
69%
su
69%
in
67%
sirene
67%
leggenda
65%
verità.
65%
sky
63%
principesse
62%
Blue
60%
blue
60%
siamo
60%
vivrai
60%
già
58%
nel
58%
Melody
56%
Mermaid
56%
Per
56%
sea
56%
avventure
54%
mille
54%
viviamo
54%
50%
che
48%
giù
44%
perla
44%
sempre
44%
sognerai.
44%
rara
40%
magia
38%
palazzo
38%
strana,
37%
accompagna
35%
al
35%
il
35%
forza
33%
Gaito
31%
canto
27%
nostro
27%
abissi
25%
insieme
25%
Vieni
25%
vieni
25%
tra
23%
vinceremo
23%
amici
21%
dai
21%
felicità.
21%
negli
21%
love
19%
minaccia
19%
Sotto
19%
l'amore,
17%
onde
17%
qui
17%
sua
17%
vedrai.
17%
difenderà
15%
nostri
15%
Canta
13%
cuore,
13%
dream
13%
luce
13%
song
13%
voi.
13%
diamo
12%
segreto
12%
come
10%
crescerà
10%
sarai.
10%
sguardi
8%
ai
6%
ancora
6%
troverai.
6%
dietro
4%
nascondiamo
4%
Nessun quiz corrispondente trovato
Distribuzione punteggi
Percentuale di utenti per punteggio
Percentile per numero di risposta
I tuoi punteggi nel tempo
Non hai fatto questo quiz